000 00825nam a2200229Ii 4500
003 JO-AjNU
008 230605s9999||||xx |||||||||||||| ||und||
017 _a2021/7/3776
020 _a978-9957-94-655-5
040 _aJO-AjNU
_bara
_erda
_cJO-AjNU
041 _aara
050 1 4 _aRA650.7.J6.G4368 2021
100 3 _aالغزاوي، محمد خالد,
_eauthor
_963649
245 0 0 _aالأوبئة في إمارة شرق الأردن( 1339-1365ه / 1921-1946)
250 _aط1
264 3 1 _aعمان: وزارة الثقافه، 2021
300 _a203ص
_bاصدارات مئوية الدولة الاردنية 2021
336 _atext
_btxt
_2rdacontent
337 _aunmediated
_bn
_2rdamedia
338 _avolume
_bnc
_2rdacarrier
650 4 _aالأوبئة-امارة شرق الأردن-الأمراض
_963650
999 _aA28883
_c32451
_d32451